000 00654nam a2200217Ia 4500
003 GCL
005 20240530102908.0
008 140319s9999 xx 000 0 ara d
040 _aGCL /
_cGCL
082 0 4 _a346.09
_bم و
100 1 _aمعوض عبدالتواب
245 1 0 _aالوسيط فى جرائم الشيك /
_cمعوض عبدالتواب
260 _a[S.N] :
_bالوفاء للطباعة والنشر ،
_c1990
300 _a361 ص
650 0 4 _aالقانون
650 0 4 _aالشيكات
650 0 4 _aالفواتير
650 0 4 _aالاوراق المالية
650 0 4 _aالقانون التجارى
942 _2ddc
_cBK
999 _c35203
_d35203